000 00331nam a2200133Ia 4500
008 240624s9999 xx 000 0 und d
041 _aeng
082 _a823 SWI
100 _aSWIFT JONATHAN
245 _aGULLIVER S TRAVELS
260 _c2010
_aNew Delhi
_bHarperCollins
300 _avii, : 320 : p. : cm. ; 18
365 _cRS
_b25
999 _c18551
_d18551